| 000 | 00362nam a2200109Ia 4500 | ||
|---|---|---|---|
| 008 | 171212s9999 xx 000 0 und d | ||
| 100 | _aNader, Alireza | ||
| 245 |
_cNader, Alireza _aIran After the Bomb _bHow Would a Nuclear-Armed Tehran Behave? |
||
| 260 |
_bRAND Corporation _c2013 |
||
| 650 | _aHistory | ||
| 856 | _uhttp://www.jstor.org/stable/10.7249/j.ctt5hhtg2 | ||
| 999 |
_c352244 _d352244 |
||